DERECHO PROCESAL CIVIL (Registro nro. 39288)
[ vista simple ]
| 000 -LEADER | |
|---|---|
| fixed length control field | 01019nam a2200205 a 4500 |
| 001 - CONTROL NUMBER | |
| control field | 39288 |
| 005 - DATE AND TIME OF LATEST TRANSACTION | |
| control field | 20180714012812.0 |
| 008 - FIXED-LENGTH DATA ELEMENTS--GENERAL INFORMATION | |
| fixed length control field | 140415s1992 mx 000 0 spa d |
| 020 ## - INTERNATIONAL STANDARD BOOK NUMBER | |
| International Standard Book Number | 9706132767 |
| 041 ## - LANGUAGE CODE | |
| Language code of text/sound track or separate title | spa |
| 082 ## - DEWEY DECIMAL CLASSIFICATION NUMBER | |
| Classification number | 347 |
| Item number | GOM |
| 100 1# - MAIN ENTRY--PERSONAL NAME | |
| Personal name | Gómez Lara, Cipriano,. |
| 245 10 - TITLE STATEMENT | |
| Title | DERECHO PROCESAL CIVIL |
| 250 ## - EDITION STATEMENT | |
| Edition statement | 6a ed. |
| 260 ## - PUBLICATION, DISTRIBUTION, ETC. | |
| Place of publication, distribution, etc. | MEXICO : |
| Name of publisher, distributor, etc. | OXFORD UNIVERSITY PRESS MEXICO, |
| Date of publication, distribution, etc. | 1992, 1998 |
| 300 ## - PHYSICAL DESCRIPTION | |
| Extent | 425 |
| Dimensions | x 17 x 23 |
| 490 ## - SERIES STATEMENT | |
| Series statement | TEXTOS JURIDICOS UNIVERSITARIOS |
| 520 ## - SUMMARY, ETC. | |
| Summary, etc. | ESTE LIBRO DE TEXTO POR EXCELENCIA, DESARROLLA DE FORMA DIDACTICA, COMPLETA Y S ISTEMATICA EL PROGRAMA OFICIAL DE DERECHO PROCESAL CIVIL, COMO SE LLEVA EN LA FACULTAD DE DERECHO DE LA UNAM Y EN LOS PRINCIPALES CENTROS DE ESTUDIO DEL PAIS. ESTE LIBRO COMBINA DOS PRACTICAS: LA DOCENTE Y LA JUDICIAL; POR ESTAR ORIENTADA DICHA SINERGICA CONFLUENCIA HACIA LA ENSEÑANZA, LA OBRA ATIENDE MAS A LOS ASPECTOS FORMATIVOS QUE A LOS SIMPLEMENTE INFORMATIVOS. |
| 650 14 - SUBJECT ADDED ENTRY--TOPICAL TERM | |
| Topical term or geographic name entry element | DERECHO PROCESAL |
| General subdivision | PROCEDIMIENTO CIVIL |
| Withdrawn status | Lost status | Source of classification or shelving scheme | Damaged status | Not for loan | Collection code | Home library | Current library | Shelving location | Date acquired | Source of acquisition | Inventory number | Total Checkouts | Full call number | Barcode | Date last seen | Date last checked out | Price effective from | Koha item type |
|---|---|---|---|---|---|---|---|---|---|---|---|---|---|---|---|---|---|---|
| Dewey Decimal Classification | General | Biblioteca Karol Wojtyla | Biblioteca Karol Wojtyla | Sala general | 03/12/2013 | Compra | 151000000000000000045609 | 1 | 347 GOM | 58985 | 05/01/2026 | 09/09/2024 | 03/12/2013 | Libro |